[Event "DVM U16 2023"]
[Site "Magdeburg GER"]
[Date "2023.12.27"]
[Round "2"]
[White "Prieb, Robert"]
[Black "Nitsche, Nikolai"]
[Result "0-1"]
[Termination "normal"]
[Board "1.2"]
[WhiteTitle "CM"]
[WhiteElo "2055"]
[BlackElo "1874"]
[WhiteClock "00:18:54"]
[BlackClock "00:05:25"]
[WhiteTeam "SF Brackel 1930"]
[BlackTeam "SV Empor Berlin"]
[PlyCount "88"]
[WhiteFideId "16212002"]
[BlackFideId "16221036"]
[EventCountry "GER"]
[EventRounds "7"]
[EventType "team-swiss"]
[EventDate "2023.12.26"]

1. d4 {[%clk 01:30:56]} {[%emt 00:00:03]} Nf6 {[%clk 01:30:52]} {[%emt
00:00:09]} 2. Nf3 {[%clk 01:31:10]} {[%emt 00:00:15]} g6 {[%clk 01:31:14]}
{[%emt 00:00:08]} 3. c4 {[%clk 01:31:24]} {[%emt 00:00:16]} Bg7 {[%clk
01:31:39]} {[%emt 00:00:06]} 4. Nc3 {[%clk 01:31:35]} {[%emt 00:00:18]} d6
{[%clk 01:31:39]} {[%emt 00:00:31]} 5. e4 {[%clk 01:31:40]} {[%emt 00:00:25]}
Nc6 {[%clk 01:30:50]} {[%emt 00:01:19]} 6. Be2 {[%clk 01:30:46]} {[%emt
00:01:24]} O-O {[%clk 01:30:49]} {[%emt 00:00:30]} 7. O-O {[%clk 01:29:50]}
{[%emt 00:01:26]} e5 {[%clk 01:26:31]} {[%emt 00:04:49]} 8. d5 {[%clk
01:29:32]} {[%emt 00:00:48]} Ne7 {[%clk 01:23:40]} {[%emt 00:03:21]} 9. Kh1
{[%clk 01:27:20]} {[%emt 00:02:41]} Nh5 {[%clk 01:17:54]} {[%emt 00:06:16]} 10.
Rg1 {[%clk 01:26:17]} {[%emt 00:01:33]} Nf4 {[%clk 01:15:29]} {[%emt 00:02:55]}
11. Bxf4 {[%clk 01:25:56]} {[%emt 00:00:51]} exf4 {[%clk 01:15:53]} {[%emt
00:00:07]} 12. Qd2 {[%clk 01:25:55]} {[%emt 00:00:30]} Be5 {[%clk 01:13:34]}
{[%emt 00:02:50]} 13. Nxe5 {[%clk 01:25:26]} {[%emt 00:00:58]} dxe5 {[%clk
01:13:57]} {[%emt 00:00:08]} 14. g3 {[%clk 01:25:29]} {[%emt 00:00:27]} fxg3
{[%clk 01:06:31]} {[%emt 00:07:56]} 15. Rxg3 {[%clk 01:25:36]} {[%emt
00:00:23]} f5 {[%clk 01:04:02]} {[%emt 00:02:59]} 16. Qh6 {[%clk 01:18:59]}
{[%emt 00:07:07]} Bd7 {[%clk 00:51:44]} {[%emt 00:12:48]} 17. c5 {[%clk
01:10:33]} {[%emt 00:08:55]} Kh8 {[%clk 00:36:19]} {[%emt 00:15:55]} 18. Rh3
{[%clk 00:56:44]} {[%emt 00:14:20]} Rf7 {[%clk 00:35:26]} {[%emt 00:01:23]} 19.
d6 {[%clk 00:51:25]} {[%emt 00:05:49]} cxd6 {[%clk 00:35:31]} {[%emt 00:00:26]}
20. cxd6 {[%clk 00:51:35]} {[%emt 00:00:19]} Ng8 {[%clk 00:33:53]} {[%emt
00:02:09]} 21. Qxg6 {[%clk 00:51:35]} {[%emt 00:00:28]} Rg7 {[%clk 00:33:45]}
{[%emt 00:00:39]} 22. Qh5 {[%clk 00:51:33]} {[%emt 00:00:31]} Nf6 {[%clk
00:19:27]} {[%emt 00:14:49]} 23. Qh4 {[%clk 00:43:49]} {[%emt 00:08:13]} fxe4
{[%clk 00:18:59]} {[%emt 00:00:58]} 24. Re3 {[%clk 00:41:30]} {[%emt 00:02:49]}
Bf5 {[%clk 00:17:07]} {[%emt 00:02:23]} 25. Rd1 {[%clk 00:37:57]} {[%emt
00:04:02]} Ng4 {[%clk 00:16:25]} {[%emt 00:01:13]} 26. Qg3 {[%clk 00:30:17]}
{[%emt 00:08:10]} Nxe3 {[%clk 00:15:35]} {[%emt 00:01:20]} 27. Qxe3 {[%clk
00:30:37]} {[%emt 00:00:09]} Qh4 {[%clk 00:14:59]} {[%emt 00:01:06]} 28. Rg1
{[%clk 00:26:49]} {[%emt 00:04:17]} Rag8 {[%clk 00:13:13]} {[%emt 00:02:17]}
29. Rg3 {[%clk 00:26:06]} {[%emt 00:01:13]} Qf4 {[%clk 00:09:50]} {[%emt
00:03:53]} 30. Nd5 {[%clk 00:24:25]} {[%emt 00:02:12]} Rxg3 {[%clk 00:08:50]}
{[%emt 00:01:30]} 31. hxg3 {[%clk 00:23:38]} {[%emt 00:01:17]} Qxe3 {[%clk
00:09:11]} {[%emt 00:00:08]} 32. Nxe3 {[%clk 00:24:06]} {[%emt 00:00:02]} Be6
{[%clk 00:08:28]} {[%emt 00:01:14]} 33. Nc4 {[%clk 00:20:49]} {[%emt 00:03:46]}
Bxc4 {[%clk 00:08:24]} {[%emt 00:00:35]} 34. Bxc4 {[%clk 00:21:11]} {[%emt
00:00:08]} Rd8 {[%clk 00:08:51]} {[%emt 00:00:03]} 35. Bd5 {[%clk 00:20:42]}
{[%emt 00:00:57]} b6 {[%clk 00:08:55]} {[%emt 00:00:28]} 36. Bxe4 {[%clk
00:19:45]} {[%emt 00:01:27]} Rxd6 {[%clk 00:09:20]} {[%emt 00:00:05]} 37. Kg2
{[%clk 00:19:22]} {[%emt 00:00:52]} Rd2 {[%clk 00:09:20]} {[%emt 00:00:31]} 38.
Bc6 {[%clk 00:19:20]} {[%emt 00:00:31]} Rxb2 {[%clk 00:09:08]} {[%emt
00:00:43]} 39. a4 {[%clk 00:19:38]} {[%emt 00:00:11]} Kg7 {[%clk 00:08:56]}
{[%emt 00:00:42]} 40. Kf3 {[%clk 00:19:16]} {[%emt 00:00:52]} Kf6 {[%clk
00:09:14]} {[%emt 00:00:13]} 41. Ke3 {[%clk 00:19:03]} {[%emt 00:00:43]} a6
{[%clk 00:05:34]} {[%emt 00:04:11]} 42. f4 {[%clk 00:18:18]} {[%emt 00:01:14]}
exf4+ {[%clk 00:05:01]} {[%emt 00:01:03]} 43. Kxf4 {[%clk 00:18:30]} {[%emt
00:00:16]} b5 {[%clk 00:04:58]} {[%emt 00:00:34]} 44. axb5 {[%clk 00:18:54]}
{[%emt 00:00:06]} axb5 {[%clk 00:05:25]} {[%emt 00:00:04]} 0-1

[Event "DVM U16 2023"]
[Site "Magdeburg GER"]
[Date "2023.12.27"]
[Round "2"]
[White "Stein, Theodor"]
[Black "Tomasjan, Samuel"]
[Result "1/2-1/2"]
[Termination "normal"]
[Board "1.3"]
[WhiteElo "1700"]
[BlackElo "1955"]
[WhiteClock "00:40:33"]
[BlackClock "01:06:57"]
[WhiteTeam "SV Empor Berlin"]
[BlackTeam "SF Brackel 1930"]
[PlyCount "48"]
[WhiteFideId "34602801"]
[BlackFideId "16235584"]
[EventCountry "GER"]
[EventRounds "7"]
[EventType "team-swiss"]
[EventDate "2023.12.26"]

1. e4 {[%clk 01:30:57]} {[%emt 00:00:02]} e6 {[%clk 01:30:53]} {[%emt
00:00:07]} 2. d4 {[%clk 01:31:24]} {[%emt 00:00:04]} d5 {[%clk 01:31:19]}
{[%emt 00:00:04]} 3. Nd2 {[%clk 01:31:50]} {[%emt 00:00:03]} dxe4 {[%clk
01:31:44]} {[%emt 00:00:06]} 4. Nxe4 {[%clk 01:32:16]} {[%emt 00:00:04]} Nd7
{[%clk 01:32:07]} {[%emt 00:00:07]} 5. Nf3 {[%clk 01:32:41]} {[%emt 00:00:05]}
Ngf6 {[%clk 01:32:33]} {[%emt 00:00:05]} 6. Nxf6+ {[%clk 01:33:04]} {[%emt
00:00:06]} Nxf6 {[%clk 01:32:58]} {[%emt 00:00:04]} 7. Bd3 {[%clk 01:33:26]}
{[%emt 00:00:09]} Be7 {[%clk 01:33:08]} {[%emt 00:00:20]} 8. h3 {[%clk
01:33:48]} {[%emt 00:00:08]} O-O {[%clk 01:32:51]} {[%emt 00:00:47]} 9. O-O
{[%clk 01:34:13]} {[%emt 00:00:04]} b6 {[%clk 01:32:41]} {[%emt 00:00:40]} 10.
Qe2 {[%clk 01:34:17]} {[%emt 00:00:26]} Bb7 {[%clk 01:32:32]} {[%emt 00:00:39]}
11. Rd1 {[%clk 01:34:38]} {[%emt 00:00:10]} Re8 {[%clk 01:31:13]} {[%emt
00:01:49]} 12. c4 {[%clk 01:33:34]} {[%emt 00:01:33]} Qc8 {[%clk 01:30:37]}
{[%emt 00:01:06]} 13. b3 {[%clk 01:33:39]} {[%emt 00:00:26]} c5 {[%clk
01:26:10]} {[%emt 00:04:56]} 14. Bb2 {[%clk 01:26:16]} {[%emt 00:07:54]} Qc7
{[%clk 01:24:31]} {[%emt 00:02:09]} 15. Ng5 {[%clk 01:05:31]} {[%emt 00:21:14]}
h6 {[%clk 01:17:06]} {[%emt 00:07:56]} 16. Ne4 {[%clk 01:04:34]} {[%emt
00:01:26]} Nxe4 {[%clk 01:16:12]} {[%emt 00:01:25]} 17. Bxe4 {[%clk 01:04:56]}
{[%emt 00:00:07]} Bxe4 {[%clk 01:16:01]} {[%emt 00:00:42]} 18. Qxe4 {[%clk
01:05:21]} {[%emt 00:00:05]} Bf6 {[%clk 01:16:15]} {[%emt 00:00:16]} 19. Qe2
{[%clk 00:59:34]} {[%emt 00:06:17]} Rad8 {[%clk 01:10:38]} {[%emt 00:06:07]}
20. dxc5 {[%clk 00:54:03]} {[%emt 00:06:01]} Bxb2 {[%clk 01:10:55]} {[%emt
00:00:12]} 21. Qxb2 {[%clk 00:49:13]} {[%emt 00:05:21]} Qxc5 {[%clk 01:11:08]}
{[%emt 00:00:17]} 22. Rd2 {[%clk 00:46:04]} {[%emt 00:03:39]} Rd6 {[%clk
01:09:23]} {[%emt 00:02:15]} 23. Rad1 {[%clk 00:46:16]} {[%emt 00:00:17]} Red8
{[%clk 01:09:43]} {[%emt 00:00:10]} 24. Qc3 {[%clk 00:40:33]} {[%emt 00:06:12]}
Kf8 {[%clk 01:06:57]} {[%emt 00:03:18]} 1/2-1/2

[Event "DVM U16 2023"]
[Site "Magdeburg GER"]
[Date "2023.12.27"]
[Round "2"]
[White "Kasapchuk, Oleksandr Jr."]
[Black "Schmidt, Tobias"]
[Result "1-0"]
[Termination "normal"]
[Board "1.4"]
[WhiteElo "1773"]
[BlackElo "1618"]
[WhiteClock "00:48:01"]
[BlackClock "00:36:20"]
[WhiteTeam "SF Brackel 1930"]
[BlackTeam "SV Empor Berlin"]
[PlyCount "60"]
[WhiteFideId "14197596"]
[BlackFideId "16254376"]
[EventCountry "GER"]
[EventRounds "7"]
[EventType "team-swiss"]
[EventDate "2023.12.26"]

1. e4 {[%clk 01:30:58]} {[%emt 00:00:02]} c6 {[%clk 01:30:56]} {[%emt
00:00:05]} 2. d4 {[%clk 01:31:23]} {[%emt 00:00:06]} d5 {[%clk 01:31:21]}
{[%emt 00:00:04]} 3. exd5 {[%clk 01:31:30]} {[%emt 00:00:23]} cxd5 {[%clk
01:31:46]} {[%emt 00:00:06]} 4. Bd3 {[%clk 01:31:56]} {[%emt 00:00:03]} Nf6
{[%clk 01:31:46]} {[%emt 00:00:30]} 5. c3 {[%clk 01:32:11]} {[%emt 00:00:15]}
e6 {[%clk 01:31:36]} {[%emt 00:00:40]} 6. Nf3 {[%clk 01:32:31]} {[%emt
00:00:08]} Bd6 {[%clk 01:31:37]} {[%emt 00:00:31]} 7. Bg5 {[%clk 01:31:32]}
{[%emt 00:01:28]} h6 {[%clk 01:31:50]} {[%emt 00:00:18]} 8. Bh4 {[%clk
01:31:45]} {[%emt 00:00:17]} O-O {[%clk 01:32:02]} {[%emt 00:00:18]} 9. Nbd2
{[%clk 01:31:37]} {[%emt 00:00:37]} Nc6 {[%clk 01:31:08]} {[%emt 00:01:25]} 10.
O-O {[%clk 01:30:16]} {[%emt 00:01:50]} e5 {[%clk 01:28:11]} {[%emt 00:03:27]}
11. dxe5 {[%clk 01:21:44]} {[%emt 00:09:03]} Nxe5 {[%clk 01:28:02]} {[%emt
00:00:40]} 12. Nxe5 {[%clk 01:20:31]} {[%emt 00:01:42]} Bxe5 {[%clk 01:28:25]}
{[%emt 00:00:07]} 13. Nf3 {[%clk 01:20:53]} {[%emt 00:00:08]} Bg4 {[%clk
01:21:42]} {[%emt 00:07:13]} 14. Be2 {[%clk 01:14:06]} {[%emt 00:07:17]} Bxf3
{[%clk 01:14:12]} {[%emt 00:08:00]} 15. Bxf3 {[%clk 01:14:32]} {[%emt
00:00:04]} d4 {[%clk 01:12:24]} {[%emt 00:02:18]} 16. cxd4 {[%clk 01:08:38]}
{[%emt 00:06:24]} Bxd4 {[%clk 01:12:21]} {[%emt 00:00:32]} 17. Qb3 {[%clk
01:06:38]} {[%emt 00:02:31]} Qb6 {[%clk 01:01:56]} {[%emt 00:10:54]} 18. Bg3
{[%clk 00:55:03]} {[%emt 00:12:05]} Bxb2 {[%clk 00:52:55]} {[%emt 00:09:31]}
19. Rab1 {[%clk 00:51:08]} {[%emt 00:04:26]} Bd4 {[%clk 00:52:03]} {[%emt
00:01:22]} 20. Qa4 {[%clk 00:49:03]} {[%emt 00:02:34]} Qc5 {[%clk 00:48:33]}
{[%emt 00:04:00]} 21. Rfc1 {[%clk 00:49:19]} {[%emt 00:00:14]} Bc3 {[%clk
00:47:15]} {[%emt 00:01:49]} 22. Qb3 {[%clk 00:49:28]} {[%emt 00:00:20]} Nd5
{[%clk 00:39:35]} {[%emt 00:08:09]} 23. Bxd5 {[%clk 00:49:14]} {[%emt
00:00:45]} Rad8 {[%clk 00:39:32]} {[%emt 00:00:32]} 24. Bxf7+ {[%clk 00:47:34]}
{[%emt 00:02:10]} Rxf7 {[%clk 00:38:31]} {[%emt 00:01:32]} 25. Rxc3 {[%clk
00:47:58]} {[%emt 00:00:07]} Qd4 {[%clk 00:38:48]} {[%emt 00:00:13]} 26. Rf3
{[%clk 00:47:25]} {[%emt 00:01:02]} Rd5 {[%clk 00:37:37]} {[%emt 00:01:42]} 27.
Rxf7 {[%clk 00:47:38]} {[%emt 00:00:16]} Kxf7 {[%clk 00:38:01]} {[%emt
00:00:07]} 28. Qxb7+ {[%clk 00:47:57]} {[%emt 00:00:11]} Kg6 {[%clk 00:38:23]}
{[%emt 00:00:07]} 29. h3 {[%clk 00:48:15]} {[%emt 00:00:12]} Rg5 {[%clk
00:36:48]} {[%emt 00:02:04]} 30. Kh2 {[%clk 00:48:01]} {[%emt 00:00:45]} Qe4
{[%clk 00:36:20]} {[%emt 00:00:58]} 1-0

[Event "DVM U16 2023"]
[Site "Magdeburg GER"]
[Date "2023.12.27"]
[Round "2"]
[White "Semling, Johannes"]
[Black "Herter, Arne"]
[Result "1-0"]
[Termination "normal"]
[Board "2.1"]
[WhiteElo "2147"]
[BlackElo "1992"]
[WhiteClock "00:25:33"]
[BlackClock "00:05:52"]
[WhiteTeam "OSG Baden-Baden"]
[BlackTeam "Schachzwerge Magdeburg"]
[PlyCount "57"]
[WhiteFideId "16290151"]
[BlackFideId "16255372"]
[EventCountry "GER"]
[EventRounds "7"]
[EventType "team-swiss"]
[EventDate "2023.12.26"]

1. e4 {[%clk 01:30:56]} {[%emt 00:00:02]} e5 {[%clk 01:30:55]} {[%emt
00:00:05]} 2. Nf3 {[%clk 01:31:22]} {[%emt 00:00:05]} Nc6 {[%clk 01:31:19]}
{[%emt 00:00:06]} 3. Bb5 {[%clk 01:31:48]} {[%emt 00:00:04]} a6 {[%clk
01:31:39]} {[%emt 00:00:09]} 4. Ba4 {[%clk 01:32:12]} {[%emt 00:00:06]} Nf6
{[%clk 01:31:59]} {[%emt 00:00:11]} 5. O-O {[%clk 01:32:24]} {[%emt 00:00:18]}
Be7 {[%clk 01:32:22]} {[%emt 00:00:06]} 6. Re1 {[%clk 01:32:17]} {[%emt
00:00:38]} b5 {[%clk 01:32:43]} {[%emt 00:00:09]} 7. Bb3 {[%clk 01:32:43]}
{[%emt 00:00:04]} O-O {[%clk 01:32:58]} {[%emt 00:00:14]} 8. a4 {[%clk
01:32:54]} {[%emt 00:00:20]} Bb7 {[%clk 01:33:03]} {[%emt 00:00:25]} 9. d3
{[%clk 01:32:25]} {[%emt 00:00:59]} d6 {[%clk 01:33:14]} {[%emt 00:00:19]} 10.
Nbd2 {[%clk 01:31:09]} {[%emt 00:01:46]} Na5 {[%clk 01:32:58]} {[%emt
00:00:45]} 11. Ba2 {[%clk 01:30:46]} {[%emt 00:00:54]} c5 {[%clk 01:31:11]}
{[%emt 00:02:17]} 12. Nf1 {[%clk 01:26:55]} {[%emt 00:04:21]} Qc7 {[%clk
01:28:07]} {[%emt 00:03:33]} 13. Ng3 {[%clk 01:26:10]} {[%emt 00:01:16]} Rfe8
{[%clk 01:24:12]} {[%emt 00:04:25]} 14. Nf5 {[%clk 01:21:05]} {[%emt 00:05:35]}
Nc6 {[%clk 01:04:52]} {[%emt 00:19:50]} 15. c3 {[%clk 01:07:14]} {[%emt
00:14:21]} Rad8 {[%clk 00:59:08]} {[%emt 00:06:12]} 16. axb5 {[%clk 00:57:51]}
{[%emt 00:09:54]} axb5 {[%clk 00:59:29]} {[%emt 00:00:10]} 17. Bxf7+ {[%clk
00:50:56]} {[%emt 00:07:25]} Kxf7 {[%clk 00:57:41]} {[%emt 00:02:18]} 18. Ng5+
{[%clk 00:51:09]} {[%emt 00:00:17]} Kg8 {[%clk 00:56:35]} {[%emt 00:01:36]} 19.
Nxg7 {[%clk 00:47:07]} {[%emt 00:04:32]} Bf8 {[%clk 00:48:18]} {[%emt
00:08:47]} 20. Nxe8 {[%clk 00:45:50]} {[%emt 00:01:46]} Rxe8 {[%clk 00:46:09]}
{[%emt 00:02:40]} 21. Qb3+ {[%clk 00:44:03]} {[%emt 00:02:16]} Kh8 {[%clk
00:39:02]} {[%emt 00:07:39]} 22. Re3 {[%clk 00:38:45]} {[%emt 00:05:45]} c4
{[%clk 00:30:46]} {[%emt 00:08:46]} 23. dxc4 {[%clk 00:36:30]} {[%emt
00:02:47]} Na5 {[%clk 00:25:59]} {[%emt 00:05:17]} 24. Qxb5 {[%clk 00:36:05]}
{[%emt 00:00:54]} Nxc4 {[%clk 00:26:09]} {[%emt 00:00:21]} 25. Rf3 {[%clk
00:33:42]} {[%emt 00:02:51]} Nd7 {[%clk 00:21:52]} {[%emt 00:04:49]} 26. Ra7
{[%clk 00:30:23]} {[%emt 00:03:44]} Ncb6 {[%clk 00:19:27]} {[%emt 00:02:59]}
27. Be3 {[%clk 00:27:16]} {[%emt 00:03:32]} Rb8 {[%clk 00:05:59]} {[%emt
00:14:02]} 28. Bxb6 {[%clk 00:25:31]} {[%emt 00:02:16]} Nxb6 {[%clk 00:05:52]}
{[%emt 00:00:37]} 29. Ne6 {[%clk 00:25:33]} {[%emt 00:00:28]} 1-0

[Event "DVM U16 2023"]
[Site "Magdeburg GER"]
[Date "2023.12.27"]
[Round "2"]
[White "Udelnov, Valentin"]
[Black "Semling, Julius"]
[Result "1/2-1/2"]
[Termination "normal"]
[Board "2.2"]
[WhiteElo "2003"]
[BlackElo "2085"]
[WhiteClock "00:04:23"]
[BlackClock "00:06:35"]
[WhiteTeam "Schachzwerge Magdeburg"]
[BlackTeam "OSG Baden-Baden"]
[PlyCount "60"]
[WhiteFideId "16265734"]
[BlackFideId "16290160"]
[EventCountry "GER"]
[EventRounds "7"]
[EventType "team-swiss"]
[EventDate "2023.12.26"]

1. e4 {[%clk 01:30:59]} {[%emt 00:00:01]} c5 {[%clk 01:30:54]} {[%emt
00:00:06]} 2. Nf3 {[%clk 01:31:27]} {[%emt 00:00:01]} d6 {[%clk 01:31:19]}
{[%emt 00:00:05]} 3. d4 {[%clk 01:31:54]} {[%emt 00:00:04]} cxd4 {[%clk
01:31:40]} {[%emt 00:00:09]} 4. Qxd4 {[%clk 01:32:20]} {[%emt 00:00:04]} Nc6
{[%clk 01:31:56]} {[%emt 00:00:13]} 5. Bb5 {[%clk 01:32:44]} {[%emt 00:00:07]}
Bd7 {[%clk 01:32:20]} {[%emt 00:00:06]} 6. Bxc6 {[%clk 01:33:08]} {[%emt
00:00:06]} Bxc6 {[%clk 01:32:48]} {[%emt 00:00:02]} 7. Nc3 {[%clk 01:32:58]}
{[%emt 00:00:39]} Nf6 {[%clk 01:32:40]} {[%emt 00:00:38]} 8. Bg5 {[%clk
01:32:19]} {[%emt 00:01:09]} e6 {[%clk 01:31:56]} {[%emt 00:01:14]} 9. Qd3
{[%clk 01:29:21]} {[%emt 00:03:28]} Be7 {[%clk 01:24:59]} {[%emt 00:07:24]} 10.
Nd4 {[%clk 01:27:12]} {[%emt 00:02:42]} O-O {[%clk 01:16:54]} {[%emt 00:08:35]}
11. f4 {[%clk 01:25:28]} {[%emt 00:02:16]} Re8 {[%clk 01:09:31]} {[%emt
00:07:52]} 12. O-O-O {[%clk 01:18:17]} {[%emt 00:07:41]} Qa5 {[%clk 01:02:38]}
{[%emt 00:07:22]} 13. h4 {[%clk 01:14:33]} {[%emt 00:04:15]} Rac8 {[%clk
00:59:38]} {[%emt 00:03:30]} 14. f5 {[%clk 01:07:17]} {[%emt 00:07:46]} Bd7
{[%clk 00:43:26]} {[%emt 00:16:42]} 15. Rhe1 {[%clk 01:00:38]} {[%emt
00:07:09]} h6 {[%clk 00:37:47]} {[%emt 00:06:08]} 16. Bd2 {[%clk 00:39:39]}
{[%emt 00:21:29]} Bf8 {[%clk 00:32:18]} {[%emt 00:06:00]} 17. Kb1 {[%clk
00:37:23]} {[%emt 00:02:46]} Qd8 {[%clk 00:29:54]} {[%emt 00:02:52]} 18. Qf3
{[%clk 00:32:01]} {[%emt 00:05:53]} Qb6 {[%clk 00:27:21]} {[%emt 00:03:03]} 19.
Bc1 {[%clk 00:16:36]} {[%emt 00:15:56]} exf5 {[%clk 00:22:43]} {[%emt
00:05:07]} 20. Nxf5 {[%clk 00:15:56]} {[%emt 00:01:10]} Bxf5 {[%clk 00:17:59]}
{[%emt 00:05:15]} 21. exf5 {[%clk 00:16:03]} {[%emt 00:00:22]} Qb4 {[%clk
00:17:37]} {[%emt 00:00:48]} 22. Rxe8 {[%clk 00:10:43]} {[%emt 00:05:55]} Rxe8
{[%clk 00:17:54]} {[%emt 00:00:13]} 23. Qf4 {[%clk 00:09:52]} {[%emt 00:01:21]}
Qxf4 {[%clk 00:10:44]} {[%emt 00:07:38]} 24. Bxf4 {[%clk 00:10:07]} {[%emt
00:00:17]} Ne4 {[%clk 00:10:29]} {[%emt 00:00:44]} 25. Nxe4 {[%clk 00:10:19]}
{[%emt 00:00:19]} Rxe4 {[%clk 00:10:53]} {[%emt 00:00:06]} 26. g3 {[%clk
00:10:37]} {[%emt 00:00:12]} Be7 {[%clk 00:10:36]} {[%emt 00:00:44]} 27. c3
{[%clk 00:04:57]} {[%emt 00:06:13]} Bxh4 {[%clk 00:09:10]} {[%emt 00:01:56]}
28. Rxd6 {[%clk 00:05:13]} {[%emt 00:00:14]} Bf6 {[%clk 00:07:50]} {[%emt
00:01:47]} 29. Rd7 {[%clk 00:04:53]} {[%emt 00:00:52]} Re7 {[%clk 00:06:24]}
{[%emt 00:01:53]} 30. Rxe7 {[%clk 00:04:23]} {[%emt 00:01:04]} Bxe7 {[%clk
00:06:35]} {[%emt 00:00:19]} 1/2-1/2